000 00680cam a2200241 4500
001 sa 68019505
003 DLC
005 20260227112718.0
008 720210s1967 ii a 000 0 eng
010 _asa 68019505
025 _aPL480:I-E-10992
040 _aDLC
_cDLC
_dDLC
050 0 0 _aPK3641
_b.V34
082 0 0 _a294.5/923
100 1 _aVaidya, Raghunath Vinayak,
_d1899-
245 1 2 _aA study of Mahabharat;
_ba research,
_cby R. V. Vaidya.
250 _a[1st ed.]
260 _aPoona,
_bA. V. G. Prakashan
_c[1967]
300 _a145 p.
_billus.
_c23 cm.
350 _a6.50
500 _aIncludes verses in Sanskrit from the original text.
630 0 0 _aMahābhārata.
999 _c88930
_d88930